Pure theory of law / (Record no. 590468)
[ view plain ]
| 000 -LEADER | |
|---|---|
| fixed length control field | 01086cam a2200289 a 4500 |
| 001 - CONTROL NUMBER | |
| control field | 14194291 |
| 005 - DATE AND TIME OF LATEST TRANSACTION | |
| control field | 20220721122459.0 |
| 008 - FIXED-LENGTH DATA ELEMENTS--GENERAL INFORMATION | |
| fixed length control field | 051209r20051967nju b 000 0 eng |
| 010 ## - LIBRARY OF CONGRESS CONTROL NUMBER | |
| LC control number | 2005284467 |
| 020 ## - INTERNATIONAL STANDARD BOOK NUMBER | |
| International Standard Book Number | 1584775785 (pbk.) |
| 040 ## - CATALOGING SOURCE | |
| Original cataloging agency | DLC |
| Transcribing agency | DLC |
| Modifying agency | DLC |
| 041 1# - LANGUAGE CODE | |
| Language code of text/sound track or separate title | eng |
| Language code of original | ger |
| 050 00 - LIBRARY OF CONGRESS CALL NUMBER | |
| Classification number | K339 |
| Item number | .K4413 2005 |
| 082 ## - DEWEY DECIMAL CLASSIFICATION NUMBER | |
| Classification number | 340.1 |
| Author Mark | KEL |
| 100 1# - MAIN ENTRY--PERSONAL NAME | |
| Personal name | Kelsen, Hans, |
| Dates associated with a name | 1881-1973. |
| 9 (RLIN) | 94342 |
| 240 10 - UNIFORM TITLE | |
| Uniform title | Reine Rechtslehre. |
| Language of a work | English |
| 245 10 - TITLE STATEMENT | |
| Title | Pure theory of law / |
| Statement of responsibility, etc. | by Hans Kelsen ; translation from the second (revised and enlarged) German edition by Max Knight. |
| 260 ## - PUBLICATION, DISTRIBUTION, ETC. | |
| Place of publication, distribution, etc. | California : |
| Name of publisher, distributor, etc. | the University of California, |
| Date of publication, distribution, etc. | 1967-2001. |
| 300 ## - PHYSICAL DESCRIPTION | |
| Extent | x, 356 p. |
| Dimensions | 23 cm. |
| 500 ## - GENERAL NOTE | |
| General note | Originally published: Berkeley : University of California Press, 1967. |
| 500 ## - GENERAL NOTE | |
| General note | "Published by arrangement with Hans-Kelsen Institut"--T.p. verso. |
| 504 ## - BIBLIOGRAPHY, ETC. NOTE | |
| Bibliography, etc. note | Includes bibliographical references. |
| 650 #0 - SUBJECT ADDED ENTRY--TOPICAL TERM | |
| Topical term or geographic name entry element | Law |
| General subdivision | Philosophy. |
| 9 (RLIN) | 35308 |
| 906 ## - LOCAL DATA ELEMENT F, LDF (RLIN) | |
| a | 7 |
| b | cbc |
| c | origcop |
| d | 2 |
| e | ncip |
| f | 20 |
| g | y-gencatlg |
| 942 ## - ADDED ENTRY ELEMENTS (KOHA) | |
| Source of classification or shelving scheme | |
| Koha item type | Book |
| Withdrawn status | Lost status | Source of classification or shelving scheme | Damaged status | Not for loan | Permanent Location | Current Location | Shelving location | Date acquired | Source of acquisition | Full call number | Barcode | Date last seen | Price effective from | Koha item type |
|---|---|---|---|---|---|---|---|---|---|---|---|---|---|---|
| NUST Law School (NLS) | NUST Law School (NLS) | Law | 07/21/2022 | Pakistan Law House | 340.1 KEL | CL-1093 | 06/04/2024 | 07/21/2022 | Book |
